| 000 | 00833cam a2200169 4500 | ||
|---|---|---|---|
| 001 | L136150 | ||
| 008 | 070115n 000 0 eng u | ||
| 035 | _a(Sirsi) u136150 | ||
| 041 | 0 | _aeng | |
| 110 | 1 |
_aUnited Kingdom _bCentral Office of Information _91074 |
|
| 245 | 0 | 0 | _aEnvironment and greener living |
| 520 | _aThe Directgov website's guide to greener living, waste and recycling, energy and water saving, greener homes, greener gardens, greener shopping, greener food and drink, greener travel, greener life events and greener work, school and community. | ||
| 651 | 4 |
_aEngland and Wales _y1543- |
|
| 690 | _aENVIRONMENTAL AND LAND CONSULTANCY-ENERGY-ENERGY USE-ENERGY EFFICIENCY | ||
| 856 | 4 | 0 |
_uhttps://www.direct.gov.uk/EnvironmentAndGreenerLiving/fs/en _zView the website free of charge at www.direct.gov.uk... |
| 942 | _n0 | ||
| 999 |
_c120554 _d120554 |
||